Kỹ thuật nối mạng trên Windows
Đã lưu trong:
| Formáid: | Leabhar |
|---|---|
| Foilsithe: |
Thống kê
1999
|
| Clibeanna: |
Cuir Clib Leis
Gan Chlibeanna, Bí ar an gcéad duine leis an taifead seo a chlibeáil!
|
| Thư viện lưu trữ: | Mạng thư viện Đại học Đà Nẵng |
|---|
| LEADER | 00517nam a2200217 a 4500 | ||
|---|---|---|---|
| 001 | 000028846 | ||
| 003 | 619 | ||
| 005 | 20171030145630.0 | ||
| 008 | 171030s1999 | ||
| 020 | |c 58000 | ||
| 040 | |a LTT | ||
| 082 | 0 | |a 005.4 |b Ky-T | |
| 245 | 0 | 0 | |a Kỹ thuật nối mạng trên Windows |c VN-Guide dịch. |
| 260 | |b Thống kê |c 1999 | ||
| OWN | |a LTT | ||
| 999 | |a From the UDN01 | ||
| TYP | |a Monograph | ||
| TYP | |a Printed language | ||
| 980 | |a Mạng thư viện Đại học Đà Nẵng | ||